Microeconomic Theory Basic Principles and Extensions

Guardado en:
Detalles Bibliográficos
Autor principal: Nicholson, Walter
Formato: Libro
Lenguaje:inglés
Publicado: Fort Worth The Dryden Press 1995
Edición:6. ed.
Materias:
Etiquetas: Agregar Etiqueta
Sin Etiquetas, Sea el primero en etiquetar este registro!

MARC

LEADER 00000nam a2200000 4500
001 c012739
005 20221205133300.4
020 |a 0-03-007554-8 
041 0 |a eng 
044 |a US 
245 1 0 |a Microeconomic Theory  |b Basic Principles and Extensions  |c Walter Nicholson 
250 |a 6. ed. 
264 1 |a Fort Worth  |b The Dryden Press  |c 1995 
300 |a 901 s. 
610 2 0 |a mikroekonomika 
610 2 0 |a teórie ekonomické 
610 2 0 |a trh 
610 2 0 |a dopyt 
610 2 0 |a mena 
610 2 0 |a výroba 
610 2 0 |a analýzy 
610 2 0 |a ceny 
610 2 0 |a práca 
610 2 0 |a rovnováha 
100 1 |a Nicholson, Walter